Géographie - Culture Générale - Difficile #4 - Statistiques

Statistiques générales
  • Ce quiz a été pris 28 fois
  • Le résultat moyen est 8 sur 20
Statistiques - réponses
Hint Réponse % Correct
Pays d'Amérique centrale dont la constitution interdit de posséder une armée depuis 1949. Costa Rica
78%
Pays d'Asie du Sud-Est sans accès à la mer, seul enclavé du continent. Laos
70%
Capitale du Groënland, territoire autonome Danois. Nuuk
70%
Nom du vent chaud et sec qui souffle du Sahara vers l'Europe du Sud au printemps. Sirocco
70%
Seul pays d'Afrique dont la langue officielle est le portugais et qui est insulaire. Sao Tomé-et-Principe
67%
Ville suédoise visible depuis Copenhague par beau temps, reliée par le pont de l'Øresund. Malmo
63%
Ville portuaire pakistanaise, unique débouché maritime du pays sur la mer d'Arabie. Karachi
56%
Chaîne de montagnes qui forme un arc naturel entre la plaine hongroise et l'Ukraine, traversant la Roumanie sur plus de 900 km. Carpates
52%
Ville australienne la plus proche de l'Asie, chef-lieu du Territoire du Nord. Darwin
52%
Ville située en face de Lausanne sur la rive du Lac Leman. Evian-les-Bains
41%
Île française de l'océan Indien, territoire des Terres australes, inhabité hormis des chercheurs. Îles Kerguelen
41%
Nom du lac tectonique le plus long du monde, traversant six pays d'Afrique de l'Est. Lac Tanganyika
30%
Province canadienne dont la capitale Regina est surnommée "Queen City". Saskatchewan
26%
Nom du passage maritime reliant la mer Rouge à l'océan Indien. Bab-el-Mandeb
15%
Province d'Afrique du Sud la plus peuplée. Gauteng
15%
Capitale la plus ensoleillée du monde. Achgabat
7%
Nom de la dépression au nord-est de l'Éthiopie, l'un des endroits les plus chauds et les plus bas de la planète. Danakil
7%
Lac australien dont l'eau est naturellement rose vif, colorée par une bactérie halophile. Lac Hillier
7%
Nom de la région naturelle marécageuse au Soudan du Sud, l'une des plus grandes zones humides d'Afrique. Sudd
7%
Seul désert de sable froid du monde, en Patagonie Argentine, où les dunes côtoient des manchots de Magellan à quelques centaines de mètres de l'océan Atlantique. Désert de Monte
0%
Aucun quiz correspondant
Distribution des résultats
% des personnes avec chaque résultat
Percentile par nombre de réponses
Votre historique - résultats
Vous n’avez pas pris ce quiz